Statistics for Most Popular Member by K-Pop Group

Click here to take the quiz!

General Stats

  • This quiz has been taken 4,272 times
    (1,945 since last reset)
  • The average score is 13 of 30

Answer Stats

GroupMost Popular Member% Correct
BTSV
92%
Big BangG-Dragon
78%
Got7Jackson
77%
Red VelvetSeulgi
70%
TwiceTzuyu
70%
4MinuteHyuna
63%
EXOSehun
60%
ShineeJonghyun
58%
SNSDTaeyeon
58%
InfiniteL
54%
IkonB.I
52%
F(x)Krystal
51%
Miss ASuzy
50%
Block BZico
42%
2NE1Dara
41%
Monsta XIM
41%
Wonder GirlsSunmi
41%
APinkNaeun
38%
SeventeenWonwoo
34%
Nu'estMinhyun
30%
AOASeolhyun
27%
TVXQChangmin
26%
GFriendYerin
25%
SistarBora
24%
Super JuniorDonghae
24%
Girl's DayHyeri
21%
2PMJunho
17%
BAPDaehyun
13%
T-araJiyeon
11%
HighlightGikwang
10%

Score Distribution

Percentile by Number Answered

Percent of People with Each Score

Your Score History

You have not taken this quiz since the last reset